000 00330nam a22001457a 4500
003 SGT
020 _a9789386456687
082 _a347.05
_bSIN
100 _aSINGH AVTAR
245 _aTHE CODE OF CIVIL PROCEDURE
250 _a5
260 _aALLAHABAD
_bCENTRAL LAW PUBLICATION
_c2019
300 _aLII ,608
942 _2ddc
_cBK
_02
999 _c23012
_d23012